000 00695nam a22002177a 4500
005 20100512142320.0
008 091103t xxu||||| |||| 00| 0 eng d
020 _a9780470270868
_c1082.00
037 _bCoral Hub
040 _adpl
_bEnglish
100 _aRubin, Alan L.
245 _aDiabetes for dummies /
_cby Alan L. Rubin
250 _a3rd ed.
260 _aHoboken
_bWiley Publishing
_c2008
270 _a111 River St.
_bHoboken
300 _axviii, 386p.
_c25cm(pbk)
_bill.
500 _aIncludes glossary and index
942 _2ddc
_cRF
_mRUB
999 _c35983
_d35983